الفتح و الوفاة / (رقم التسجيلة. 101805)

تفاصيل مارك
000 -LEADER
fixed length control field 00808nam a22002537a 4500
005 - DATE AND TIME OF LATEST TRANSACTION
control field 20251108173339.0
008 - FIXED-LENGTH DATA ELEMENTS--GENERAL INFORMATION
fixed length control field 250721s1995 xx 000 0 ara d
020 ## - INTERNATIONAL STANDARD BOOK NUMBER
International Standard Book Number 9771601717
082 14 - DEWEY DECIMAL CLASSIFICATION NUMBER
Classification number ط/ 219.5/عبد
100 1# - MAIN ENTRY--PERSONAL NAME
Personal name عبد الحميد، علي عبد المنعم
245 10 - TITLE STATEMENT
Title الفتح و الوفاة /
264 1# - PRODUCTION, PUBLICATION, DISTRIBUTION, MANUFACTURE, AND COPYRIGHT NOTICE
Place of production, publication, distribution, manufacture بيروت :
Name of producer, publisher, distributor, manufacturer مكتبة ناشرون،
Date of production, publication, distribution, manufacture, or copyright notice 1995.
300 ## - PHYSICAL DESCRIPTION
Extent 95 ص.
490 0# - SERIES STATEMENT
Series statement رياض الإيمان : نفحات من سيرة الرسول و صحبه
650 17 - SUBJECT ADDED ENTRY--TOPICAL TERM
Topical term or geographic name as entry element السيرة النبوية
650 17 - SUBJECT ADDED ENTRY--TOPICAL TERM
Topical term or geographic name as entry element صلح الحديبية
650 17 - SUBJECT ADDED ENTRY--TOPICAL TERM
Topical term or geographic name as entry element فتح مكة
650 17 - SUBJECT ADDED ENTRY--TOPICAL TERM
Topical term or geographic name as entry element غزوة تبوك
650 17 - SUBJECT ADDED ENTRY--TOPICAL TERM
Topical term or geographic name as entry element حجة الوداع
650 17 - SUBJECT ADDED ENTRY--TOPICAL TERM
Topical term or geographic name as entry element وفاة النبي
653 ## - INDEX TERM--UNCONTROLLED
Uncontrolled term ناشئون صغار (10-14 سنة)
942 ## - ADDED ENTRY ELEMENTS (KOHA)
Source of classification or shelving scheme Dewey Decimal Classification
Koha item type كتب
المقتنيات
حالة السحب حالة الفقدان مصدر التصنيف حالة التلف غير قابل للإعارة المكتبة الرئيسية المكتبة الحالية موقع الرف تاريخ التزويد الرقم المتسلسل Total Checkouts رقم الإستدعاء الباركود تاريخ آخر ظهور تاريخ الفاتورة نوع المادة (كوها)
    Dewey Decimal Classification     مكتبة البشائر للأطفال مكتبة البشائر للأطفال الإعارة 10/05/2015 527476   ط/ 219.5/عبد PLD00323574 28/07/2025 10/05/2015 كتب
    Dewey Decimal Classification     مكتبة أم المؤمنين للأطفال مكتبة أم المؤمنين للأطفال الأطفال 28/07/2025 418170   ط/ 219.5/عبد 418170 28/07/2025 28/07/2025 كتب
    Dewey Decimal Classification     مكتبة الأميرة سلمى مكتبة الأميرة سلمى الأطفال 28/07/2025 566086   ط/ 219.5/عبد 566086 28/07/2025 28/07/2025 كتب
    Dewey Decimal Classification     مكتبة الأميرة سلمى مكتبة الأميرة سلمى الأطفال 28/07/2025 568622   ط/ 219.5/عبد 568622 28/07/2025 28/07/2025 كتب
    Dewey Decimal Classification     مكتبة البراءة للأطفال مكتبة البراءة للأطفال الأطفال 16/05/2015 1598644   ط/ 219.5/عبد PLD00324352 28/07/2025 16/05/2015 كتب
    Dewey Decimal Classification     مكتبة البراعم الواعدة مكتبة البراعم الواعدة الأطفال 06/09/2015 1603138   ط/ 219.5/عبد PLD00345126 28/07/2025 06/09/2015 كتب
    Dewey Decimal Classification     مكتبة الياسمين للأطفال مكتبة الياسمين للأطفال الأطفال 24/03/2014 557127   ط/ 219.5/عبد PLD00296121 28/07/2025 24/03/2014 كتب
    Dewey Decimal Classification     مكتبة الياسمين للأطفال مكتبة الياسمين للأطفال الأطفال 19/03/2014 559410   ط/ 219.5/عبد PLD00295511 28/07/2025 19/03/2014 كتب
    Dewey Decimal Classification     مكتبة بدر الجديدة للأطفال مكتبة بدر الجديدة للأطفال الأطفال 06/10/2015 400796   ط/ 219.5/عبد PLD00352259 28/07/2025 06/10/2015 كتب
    Dewey Decimal Classification     مكتبة حمزة العامة مكتبة حمزة العامة الأطفال 07/03/2018 1668054   ط/ 219.5/عبد PLD00419094 28/07/2025 07/03/2018 كتب
Implemented & Customized by: BBB with SCIT (Smart Chains for Information Technology)

Powered by Koha